000 00307nam a22001337a 4500
020 _a817826307-6
082 _a823
_bHAG/K
100 _aH. RIDER HAGGARD
245 _aKING SOLOMON'S MINES
260 _aDELHI
_bROHAN BOOK COMPANY
_c2003
300 _a224
650 _aMODERN ILLUSTRATED CLASSICS
942 _cBK
999 _c308
_d308